[Event "Warsaw YMCA Autumn-B 221st"]
[Site "Warsaw"]
[Date "2019.10.17"]
[Round "5"]
[White "Mazurek, Jerzy"]
[Black "Gierech, Pawel"]
[Result "1-0"]
[WhiteElo "1662"]
[BlackElo "1670"]
[PlyCount "79"]
[EventDate "2019.09.20"]
[EventType "tourn"]
[EventRounds "13"]
[EventCountry "POL"]
[SourceTitle "CBM 195 Extra"]
[Source "ChessBase"]
[SourceDate "2020.05.31"]
[SourceVersion "1"]
[SourceVersionDate "2020.05.31"]
[SourceQuality "1"]

1. e4 Nf6 2. e5 Nd5 3. d4 d6 4. Nf3 Nc6 5. Be2 Bg4 6. exd6 cxd6 7. 0-0 e6 8. c4 Nf6 9. Nc3 d5 10. c5 Be7 11. h3 Bh5 12. Bf4 0-0 13. a3 a6 14. Na4 Nd7 15. g4 Bg6 16. Qb3 Nxd4 17. Nxd4 e5 18. c6 bxc6 19. Nxc6 Qe8 20. Nxe7+ Qxe7 21. Bg3 d4 22. Qd5 Kh8 23. Rfc1 f6 24. Rc7 Rad8 25. Rac1 Nb6 26. Nxb6 Rxd5 27. Rxe7 Rd6 28. Nc8 Rd5 29. Rec7 Be8 30. Nb6 Rd6 31. Nc4 Rd8 32. Nd2 Bg6 33. Bxa6 e4 34. Rc8 e3 35. fxe3 dxe3 36. Nf3 Rde8 37. Rxe8 Bxe8 38. Rc8 Kg8 39. Bc4+ Kh8 40. Bb5 1-0

[Event "Warsaw YMCA Autumn-D 128th"]
[Site "Warsaw"]
[Date "2013.11.12"]
[Round "9"]
[White "Gierech, Pawel"]
[Black "Kwiek, Janusz"]
[Result "0-1"]
[WhiteElo "1671"]
[BlackElo "1632"]
[PlyCount "102"]
[EventDate "2013.09.17"]
[EventType "tourn"]
[EventRounds "11"]
[EventCountry "POL"]
[SourceTitle "EXT 2015"]
[Source "ChessBase"]
[SourceDate "2014.11.20"]
[SourceVersion "1"]
[SourceVersionDate "2014.11.20"]
[SourceQuality "1"]

1. c4 Nf6 2. Nc3 e5 3. a3 a5 4. g3 Bc5 5. Bg2 0-0 6. d3 c6 7. e4 d6 8. Be3 Bxe3 9. fxe3 Qb6 10. Qe2 Ng4 11. Nd1 Na6 12. Nh3 Nc5 13. Nhf2 Nh6 14. 0-0 f5 15. d4 Nb3 16. Rb1 exd4 17. exf5 dxe3 18. Nxe3 Nxf5 19. Nxf5 Bxf5 20. Rbd1 Rae8 21. Qh5 Bg6 22. Qg4 Nc5 23. Qd4 Rf6 24. Ng4 Rxf1+ 25. Rxf1 Nd7 26. Rd1 Re6 27. Nf2 Qxd4 28. Rxd4 Re1+ 29. Bf1 Ne5 30. Kg2 Nf7 31. Rd2 Kf8 32. Nd3 Re4 33. Nf4 Bf5 34. Kf2 Ke7 35. b3 g5 36. Ne2 Nh6 37. h3 Re5 38. g4 Bg6 39. Nc3 Ng8 40. Bg2 Nf6 41. Rd4 Bc2 42. b4 axb4 43. axb4 h5 44. Bf3 hxg4 45. hxg4 Bg6 46. b5 Kd7 47. b6 Ra5 48. Be2 Ra3 49. Nd1 Ke6 50. Ne3 Ke5 51. Rd2 Ne4+ 0-1

[Event "Warsaw YMCA Autumn-D 128th"]
[Site "Warsaw"]
[Date "2013.10.08"]
[Round "4"]
[White "Duda, Ryszard"]
[Black "Gierech, Pawel"]
[Result "1/2-1/2"]
[WhiteElo "1630"]
[BlackElo "1671"]
[PlyCount "79"]
[EventDate "2013.09.17"]
[EventType "tourn"]
[EventRounds "11"]
[EventCountry "POL"]
[SourceTitle "EXT 2015"]
[Source "ChessBase"]
[SourceDate "2014.11.20"]
[SourceVersion "1"]
[SourceVersionDate "2014.11.20"]
[SourceQuality "1"]

1. Nf3 d5 2. d4 c6 3. e3 Nf6 4. c4 e6 5. Nc3 Nbd7 6. Be2 dxc4 7. Bxc4 b5 8. Bd3 Bb7 9. Bd2 Be7 10. 0-0 0-0 11. Rc1 a6 12. a3 c5 13. Be2 c4 14. Na2 Qb6 15. Bb4 Bxb4 16. Nxb4 a5 17. Na2 Rfc8 18. b3 cxb3 19. Qxb3 Bd5 20. Qb2 h6 21. Nc3 b4 22. Nxd5 Nxd5 23. Nd2 Nc3 24. Bf3 Rab8 25. Ne4 Nd5 26. Be2 f5 27. Nd2 Rxc1 28. Rxc1 b3 29. h3 a4 30. Nc4 Qd8 31. Bf3 N7b6 32. Ne5 Rc8 33. Bd1 Rxc1 34. Qxc1 Qc7 35. Qb2 Qc3 36. Qe2 Qa1 37. Qh5 Nf6 38. Qf7+ Kh8 39. Ng6+ Kh7 40. Nf8+ 1/2-1/2

[Event "Warsaw YMCA Autumn-D 128th"]
[Site "Warsaw"]
[Date "2013.09.24"]
[Round "2"]
[White "Budrewicz, Henryk"]
[Black "Gierech, Pawel"]
[Result "0-1"]
[WhiteElo "1575"]
[BlackElo "1671"]
[PlyCount "100"]
[EventDate "2013.09.17"]
[EventType "tourn"]
[EventRounds "11"]
[EventCountry "POL"]
[SourceTitle "EXT 2015"]
[Source "ChessBase"]
[SourceDate "2014.11.20"]
[SourceVersion "1"]
[SourceVersionDate "2014.11.20"]
[SourceQuality "1"]

1. d4 Nf6 2. e3 d5 3. Bd3 Bg4 4. Nf3 e6 5. Nbd2 c5 6. c3 Nc6 7. h3 Bh5 8. g4 Bg6 9. Qe2 a6 10. Bxg6 hxg6 11. dxc5 Bxc5 12. Nb3 Bd6 13. Bd2 Nxg4 14. 0-0-0 Nge5 15. Nxe5 Nxe5 16. f4 Nc4 17. Be1 Qb6 18. Bf2 Na5 19. Nxa5 Qxa5 20. Kb1 0-0-0 21. h4 Qa4 22. Rd4 Qc6 23. c4 Kb8 24. cxd5 exd5 25. Rc1 Qe8 26. Qd3 Rh5 27. Qd2 Qe7 28. Rd1 Bc5 29. Ra4 Re8 30. Re1 Qe6 31. Qc3 b5 32. Qxc5 bxa4 33. e4 Qd7 34. Qb6+ Qb7 35. Qd6+ Ka8 36. e5 Rb8 37. Qa3 Rhh8 38. Rc1 d4 39. Rd1 Rhd8 40. b4 axb3 41. axb3 Qxb3+ 42. Qxb3 Rxb3+ 43. Kc2 Rb4 44. Kd3 Kb7 45. Be1 Rb3+ 46. Kc2 Rf3 47. Rb1+ Kc6 48. Bd2 d3+ 49. Kc3 Rh3 50. Be1 d2+ 0-1

[Event "Warsaw YMCA Autumn-D 128th"]
[Site "Warsaw"]
[Date "2013.09.17"]
[Round "1"]
[White "Gierech, Pawel"]
[Black "Sanz Wawer, Daniel"]
[Result "0-1"]
[WhiteElo "1671"]
[BlackElo "1550"]
[PlyCount "58"]
[EventDate "2013.09.17"]
[EventType "tourn"]
[EventRounds "11"]
[EventCountry "POL"]
[SourceTitle "EXT 2015"]
[Source "ChessBase"]
[SourceDate "2014.11.20"]
[SourceVersion "1"]
[SourceVersionDate "2014.11.20"]
[SourceQuality "1"]

1. Nc3 Nf6 2. d3 e6 3. e4 d6 4. g3 Be7 5. Bg2 Nc6 6. Nge2 0-0 7. Be3 e5 8. d4 exd4 9. Nxd4 Nxd4 10. Qxd4 Be6 11. f4 c6 12. 0-0-0 Qa5 13. Kb1 b5 14. b3 Ng4 15. e5 dxe5 16. fxe5 Rfd8 17. Qf4 Qxc3 18. Bd4 Qb4 19. h3 Nh6 20. Qf2 Rac8 21. Bxa7 Rxd1+ 22. Rxd1 Qa3 23. Be3 Ra8 24. c4 Bf5+ 25. Ka1 Qxb3 26. Qd2 Rxa2+ 27. Qxa2 Qxd1+ 28. Kb2 Qe2+ 29. Ka1 Qxe3 0-1

[Event "Warsaw YMCA Autumn-D 81st"]
[Site "Warsaw"]
[Date "2010.11.09"]
[Round "7"]
[White "Kwiek, Janusz"]
[Black "Gierech, Pawel"]
[Result "1/2-1/2"]
[WhiteElo "1742"]
[BlackElo "1693"]
[PlyCount "116"]
[EventDate "2010.09.21"]
[EventType "tourn"]
[EventRounds "13"]
[EventCountry "POL"]
[SourceTitle "EXT 2019"]
[Source "ChessBase"]
[SourceDate "2018.10.10"]
[SourceVersion "1"]
[SourceVersionDate "2018.10.10"]
[SourceQuality "1"]

1. Nf3 c5 2. c4 Nf6 3. g3 b6 4. Bg2 Bb7 5. 0-0 g6 6. Nc3 Bg7 7. d3 0-0 8. Bd2 d5 9. cxd5 Nxd5 10. Nxd5 Bxd5 11. Bc3 Nd7 12. Bxg7 Kxg7 13. Qd2 Rc8 14. b3 Re8 15. Rac1 e5 16. Rfd1 f6 17. Rc2 Nf8 18. Rdc1 e4 19. Ne1 Qe7 20. dxe4 Bxe4 21. Bxe4 Qxe4 22. e3 Rcd8 23. Qe2 Rd7 24. Rd2 Red8 25. Rcd1 Rxd2 26. Rxd2 Rxd2 27. Qxd2 Kf7 28. f3 Qe6 29. e4 c4 30. bxc4 Qxc4 31. Kf2 Ke7 32. Nd3 Ne6 33. Qb4+ Qxb4 34. Nxb4 Kd6 35. Nd3 a5 36. Ke3 b5 37. a3 Nc5 38. Nb2 Ne6 39. f4 Kc5 40. Kd3 Nd4 41. h4 h5 42. Nd1 b4 43. axb4+ axb4 44. Nb2 b3 45. Na4+ Kb4 46. Nb2 Nc6 47. Nc4 Ne7 48. Kd4 Nc6+ 49. Kd3 Kc5 50. Kc3 Nd4 51. e5 b2 52. Nxb2 fxe5 53. Nd3+ Kd5 54. Nxe5 Ne2+ 55. Kd3 Nxg3 56. Nxg6 Ke6 57. Ke3 Nf5+ 58. Kf3 Kf6 1/2-1/2

[Event "Warsaw YMCA Autumn-D 81st"]
[Site "Warsaw"]
[Date "2010.11.02"]
[Round "6"]
[White "Gierech, Pawel"]
[Black "Blank, Kamil"]
[Result "1-0"]
[WhiteElo "1693"]
[BlackElo "1724"]
[PlyCount "97"]
[EventDate "2010.09.21"]
[EventType "tourn"]
[EventRounds "13"]
[EventCountry "POL"]
[SourceTitle "EXT 2019"]
[Source "ChessBase"]
[SourceDate "2018.10.10"]
[SourceVersion "1"]
[SourceVersionDate "2018.10.10"]
[SourceQuality "1"]

1. e4 c5 2. d4 cxd4 3. Nf3 d6 4. Nxd4 Nf6 5. Nc3 g6 6. Bc4 Bg7 7. Be3 0-0 8. a4 Ng4 9. Qc1 Nxe3 10. Qxe3 Qb6 11. Nce2 Qxb2 12. 0-0 Qb4 13. Bd5 Qc5 14. Rab1 Qc7 15. Nb5 Qd7 16. Nxa7 Nc6 17. Nxc8 Rfxc8 18. Rfd1 e6 19. Bb3 Na5 20. Qg3 Nxb3 21. cxb3 Ra6 22. Nd4 Be5 23. Qe3 Qd8 24. Nb5 Qf6 25. g3 g5 26. Rd2 Rac6 27. Kg2 Rc2 28. Rbd1 Rxd2 29. Rxd2 Rc6 30. Qa7 g4 31. Qe3 h5 32. h4 gxh3+ 33. Kxh3 Qg6 34. f4 Qg4+ 35. Kh2 Bg7 36. Rxd6 Rc2+ 37. Rd2 Rxd2+ 38. Qxd2 Qf3 39. e5 Qxb3 40. Nc3 Qb6 41. Ne4 Qc7 42. Kh3 Qb6 43. Qd7 Qg1 44. Qc8+ Kh7 45. Ng5+ Kh6 46. Nxf7+ Kh7 47. Ng5+ Kh6 48. Qxe6+ Bf6 49. Qxf6# 1-0

[Event "Warsaw YMCA Autumn-D 81st"]
[Site "Warsaw"]
[Date "2010.10.05"]
[Round "3"]
[White "Woloszyn, Piotr"]
[Black "Gierech, Pawel"]
[Result "1-0"]
[WhiteElo "1750"]
[BlackElo "1693"]
[PlyCount "63"]
[EventDate "2010.09.21"]
[EventType "tourn"]
[EventRounds "13"]
[EventCountry "POL"]
[SourceTitle "EXT 2019"]
[Source "ChessBase"]
[SourceDate "2018.10.10"]
[SourceVersion "1"]
[SourceVersionDate "2018.10.10"]
[SourceQuality "1"]

1. c4 Nf6 2. Nf3 c6 3. d4 d5 4. Nc3 e6 5. Qb3 Nbd7 6. Bf4 Be7 7. e3 Nh5 8. cxd5 exd5 9. Bg3 Nxg3 10. hxg3 h6 11. Bd3 Nf6 12. Nh4 Ng4 13. Qc2 Bg5 14. Qe2 0-0 15. Bf5 Nxe3 16. fxe3 Re8 17. 0-0 Bxe3+ 18. Kh1 Bxd4 19. Qg4 Be3 20. Rae1 Bd2 21. Rxe8+ Qxe8 22. Bxc8 Rxc8 23. Nf5 Qf8 24. Nxg7 Kh8 25. Ne6 Qg8 26. Qd4+ Kh7 27. Qd3+ Kh8 28. Qxd2 fxe6 29. Rf6 Re8 30. Rxh6+ Kg7 31. Qg5+ Kf7 32. Qf6# 1-0

[Event "Warsaw Hetmanie-B 1st"]
[Site "Warsaw"]
[Date "2010.02.08"]
[Round "8"]
[White "Gierech, Pawel"]
[Black "Kaminski, Stefan"]
[Result "0-1"]
[WhiteElo "1693"]
[BlackElo "1592"]
[PlyCount "100"]
[EventDate "2010.01.04"]
[EventType "tourn"]
[EventRounds "11"]
[EventCountry "POL"]
[SourceTitle "EXT 2023"]
[Source "ChessBase"]
[SourceDate "2022.10.05"]
[SourceVersion "1"]
[SourceVersionDate "2022.10.05"]
[SourceQuality "1"]

1. f4 d5 2. e3 Nc6 3. d4 a6 4. c3 Nf6 5. Bd3 Bg4 6. Nf3 Ne4 7. h3 Bd7 8. Nbd2 Ng3 9. Rg1 Bf5 10. Qc2 Bxd3 11. Qxd3 e6 12. Kf2 Nf5 13. e4 dxe4 14. Nxe4 Nh4 15. Ne5 Nxe5 16. fxe5 h6 17. g3 Ng6 18. Be3 Nxe5 19. Qc2 Nc4 20. Rae1 Nxe3 21. Rxe3 c6 22. Qb3 Rb8 23. g4 Be7 24. Rf1 0-0 25. Kg2 Qd5 26. Qxd5 cxd5 27. Ng3 b5 28. Nh5 b4 29. Rf2 a5 30. Nf4 Bg5 31. a3 bxa3 32. bxa3 Rb3 33. Ref3 Bxf4 34. Rxf4 Rxc3 35. R4f3 Rc4 36. Rf4 g5 37. R4f3 Rxd4 38. Rb3 Ra4 39. Rbf3 e5 40. Rf6 Kg7 41. Ra6 Rc4 42. Ra7 e4 43. Re7 Rc3 44. Rf5 Rd3 45. Rd7 d4 46. Rfd5 Rd2+ 47. Kf1 d3 48. Ke1 Re2+ 49. Kd1 Rb8 50. Kc1 Rc2+ 0-1

[Event "Warsaw Hetmanie-B 1st"]
[Site "Warsaw"]
[Date "2010.01.25"]
[Round "4"]
[White "Gierech, Pawel"]
[Black "Rytel, Bartosz"]
[Result "1-0"]
[WhiteElo "1693"]
[BlackElo "1479"]
[PlyCount "107"]
[EventDate "2010.01.04"]
[EventType "tourn"]
[EventRounds "11"]
[EventCountry "POL"]
[SourceTitle "EXT 2023"]
[Source "ChessBase"]
[SourceDate "2022.10.05"]
[SourceVersion "1"]
[SourceVersionDate "2022.10.05"]
[SourceQuality "1"]

1. a3 c5 2. Nf3 Nc6 3. d4 cxd4 4. Nxd4 Qb6 5. e3 Nxd4 6. Qxd4 Qxd4 7. exd4 g6 8. Bf4 Bg7 9. c3 Nf6 10. Nd2 0-0 11. Be2 d6 12. Nc4 Bf5 13. f3 Rac8 14. g4 Be6 15. Ne3 Nd5 16. Nxd5 Bxd5 17. Kf2 f5 18. Bg5 Rf7 19. gxf5 gxf5 20. Rhg1 Kh8 21. f4 h6 22. Bh4 Bf6 23. Bxf6+ Rxf6 24. Rg3 Rg8 25. Rag1 Rxg3 26. Rxg3 Kh7 27. Bd3 e6 28. c4 Bc6 29. b4 Be4 30. Bxe4 fxe4 31. Ke3 d5 32. c5 Rf7 33. a4 a6 34. b5 axb5 35. axb5 Rf8 36. Kd2 Rxf4 37. c6 bxc6 38. bxc6 Rf7 39. Rb3 Kg6 40. Rb7 Rf8 41. Re7 Kf6 42. Rh7 h5 43. h4 Re8 44. Ke3 Kg6 45. Rd7 Kf6 46. Kf4 Re7 47. c7 Rxd7 48. c8Q Rf7 49. Qd8+ Kg7+ 50. Ke5 e3 51. Qg5+ Kf8 52. Qxe3 Ke8 53. Qh6 Kd8 54. Kxe6 1-0